00329pab a2200121 454500008004000000100002300040245008000063260000900143300001200152362000800164650001600172773001900188180718b1995 xxu||||| |||| 00| 0 eng d aSkoufias, Emmanuel aHousehold resources, transaction costs, and adjustment through land tenancy c1995 ap.42-56 aFeb aLand tenure aLand Economics